Mix songov - zahraničné #1 - Statistics

General Stats
  • This quiz has been taken 3 times
  • The average score is 10 of 15
Answer Stats
Hint Answer % Correct
Believe, If I Could Turn Back Time, Strong Enough Cher
100%
Yellow, A Sky Full of Stars, Fix You Coldplay
100%
Talk Dirty, Acapulco, Swalla Jason Derulo
100%
Sex on Fire, Use Somebody, Closer Kings of Leon
100%
Promiscuous, Maneater, Say It Right Nelly Furtado
100%
Womanizer, Criminal, Stronger Britney Spears
67%
Evacuate the Dancefloor, Miracle, Everytime We Touch Cascada
67%
September, Let's Groove, Boogie Wonderland Earth, Wind, Fire
67%
Ring My Bells, Escape, Bailando Enrique Iglesias
67%
Are You With me, Where are you now, Melody Lost Frequencies
67%
Champagne Supernova, Supersonic, Live Forever Oasis
67%
Circles, Better Now, Chemical Post Malone
67%
Pocketful Sunshine, Soulmate, Unwritten Natasha Bedingfield
33%
Free Fallin', I Won't Back Down, Learning to Fly Tom Petty
33%
Hey Boy Hey Girl, Galvanize, Go The Chemical Brothers
0%
No matching quizzes found
Score Distribution
Percent of People with Each Score
Percentile by Number Answered
Your Score History
You have not taken this quiz